Psicología de la comunicación / (Record no. 85841)

MARC details
000 -CABECERA
campo de control de longitud fija 00700nam a22002173a 4500
005 - FECHA Y HORA DE LA ÚLTIMA TRANSACCIÓN
campo de control 20250321063750.0
008 - ELEMENTOS DE LONGITUD FIJA--INFORMACIÓN GENERAL
campo de control de longitud fija 010924s1998 es r 000 0 spa d
020 ## - NÚMERO INTERNACIONAL NORMALIZADO PARA LIBROS
Número Internacional Estándar del Libro 8449304458
035 ## - NÚMERO DE CONTROL DEL SISTEMA
Número de control de sistema UPN01000111933
049 ## - COLECCIÓN
Colección CG
050 #4 - SIGNATURA TOPOGRÁFICA DE LA BIBLIOTECA DEL CONGRESO
Número de clasificación P94.7
Número de documento/Ítem M8.68
100 1# - ASIENTO PRINCIPAL--NOMBRE PERSONAL
Nombre de persona Mucchielli, Alex,
Fechas asociadas al nombre 1943-
9 (RLIN) 41716
245 10 - MENCIÓN DE TÍTULO
Título Psicología de la comunicación /
Mención de responsabilidad, etc. Alex Mucchielli ; tr. de Charo Lacalle Zalduendo.
260 ## - PUBLICACIÓN, DISTRIBUCIÓN, ETC.
Lugar de publicación, distribución, etc. Barcelona, Esp.:
Nombre del editor, distribuidor, etc. Paidós,
Fecha de publicación, distribución, etc. 1998.
300 ## - DESCRIPCIÓN FÍSICA
Extensión 270 p.
440 #0 - MENCIÓN DE SERIE/ASIENTO SECUNDARIO--TÍTULO
Título Paidós comunicación ;
Designación de volumen o secuencia 83
534 ## - NOTA SOBRE LA VERSIÓN ORIGINAL
Encabezamiento principal del original Traducción de:
Mención de título del original Psychologie de la comumnication
650 #4 - ASIENTO SECUNDARIO DE MATERIA - TERMINO TEMATICO
Término de materia o nombre geográfico como elemento de entrada Comunicación interpersonal
9 (RLIN) 6549
650 #2 - ASIENTO SECUNDARIO DE MATERIA - TERMINO TEMATICO
Término de materia o nombre geográfico como elemento de entrada Comunicación -
Subdivisión general Investigación
9 (RLIN) 2288
905 ## - TIPO DE MATERIAL
Tipo de material Libro
Holdings
Estado de retiro Estado de pérdida Fuente del sistema de clasificación o colocación Estado dañado No para préstamo Código de colección Localización permanente Ubicación/localización actual Ubicación en estantería Total de préstamos Clasificación Código de barras Fecha visto por última vez Fecha del último préstamo Número de copia Tipo de ítem Koha
    Library of Congress Classification     Colección General Bib. Gregorio Torres Quintero Bib. Gregorio Torres Quintero Planta baja 23 P94.7 M8.68 172356 20/11/2024 08/11/2024 1 Libro